Psychosocial treatments for child and adolescent disorders : (Record no. 331733)

000 -LEADER
fixed length control field 01409cam a22003254a 4500
001 - CONTROL NUMBER
control field 13625034
003 - CONTROL NUMBER IDENTIFIER
control field NUST
005 - DATE AND TIME OF LATEST TRANSACTION
control field 20180117090032.0
008 - FIXED-LENGTH DATA ELEMENTS--GENERAL INFORMATION
fixed length control field 040616s2005 dcu b 001 0 eng
010 ## - LIBRARY OF CONGRESS CONTROL NUMBER
LC control number 2004014282
020 ## - INTERNATIONAL STANDARD BOOK NUMBER
International Standard Book Number 1591470927
040 ## - CATALOGING SOURCE
Original cataloging agency DLC
Transcribing agency DLC
Modifying agency DLC
042 ## - AUTHENTICATION CODE
Authentication code pcc
050 00 - LIBRARY OF CONGRESS CALL NUMBER
Classification number RJ504
Item number .P75 2005
082 00 - DEWEY DECIMAL CLASSIFICATION NUMBER
Classification number 618.92/8914
Edition number 22
245 00 - TITLE STATEMENT
Title Psychosocial treatments for child and adolescent disorders :
Remainder of title empirically based strategies for clinical practice /
Statement of responsibility, etc. edited by Euthymia D. Hibbs and Peter S. Jensen.
250 ## - EDITION STATEMENT
Edition statement 2nd ed.
260 ## - PUBLICATION, DISTRIBUTION, ETC.
Place of publication, distribution, etc. Washington, DC :
Name of publisher, distributor, etc. American Psychological Association,
Date of publication, distribution, etc. c2005.
300 ## - PHYSICAL DESCRIPTION
Extent xv, 839 p. ;
Dimensions 27 cm.
504 ## - BIBLIOGRAPHY, ETC. NOTE
Bibliography, etc. note Includes bibliographical references and index.
650 #0 - SUBJECT ADDED ENTRY--TOPICAL TERM
Topical term or geographic name entry element Child psychotherapy.
9 (RLIN) 4089
650 #0 - SUBJECT ADDED ENTRY--TOPICAL TERM
Topical term or geographic name entry element Adolescent psychotherapy.
9 (RLIN) 5546
700 1# - ADDED ENTRY--PERSONAL NAME
Personal name Hibbs, Euthymia D.
9 (RLIN) 5549
700 1# - ADDED ENTRY--PERSONAL NAME
Personal name Jensen, Peter S.,
Dates associated with a name 1949-
9 (RLIN) 5550
856 41 - ELECTRONIC LOCATION AND ACCESS
Materials specified Table of contents
Uniform Resource Identifier <a href="http://www.loc.gov/catdir/toc/ecip0419/2004014282.html">http://www.loc.gov/catdir/toc/ecip0419/2004014282.html</a>
906 ## - LOCAL DATA ELEMENT F, LDF (RLIN)
a 7
b cbc
c orignew
d 1
e ecip
f 20
g y-gencatlg
942 ## - ADDED ENTRY ELEMENTS (KOHA)
Source of classification or shelving scheme
Koha item type Book
Holdings
Withdrawn status Lost status Source of classification or shelving scheme Damaged status Not for loan Collection code Permanent Location Current Location Shelving location Date acquired Total Checkouts Full call number Barcode Date last seen Date last checked out Price effective from Koha item type
            Central Library (CL) Central Library (CL) General Stacks 10/19/2017 3 618.92/8914 PSY S3H-S-351 10/05/2023 10/23/2018 10/19/2017 Book
© 2023 Central Library, National University of Sciences and Technology. All Rights Reserved.